Journal article Open Access
Red.
<?xml version='1.0' encoding='UTF-8'?>
<record xmlns="http://www.loc.gov/MARC21/slim">
<leader>00000nam##2200000uu#4500</leader>
<datafield tag="542" ind1=" " ind2=" ">
<subfield code="l">open</subfield>
</datafield>
<datafield tag="540" ind1=" " ind2=" ">
<subfield code="u">https://creativecommons.org/licenses/by/4.0/legalcode</subfield>
<subfield code="a">Creative Commons Attribution 4.0 International</subfield>
</datafield>
<datafield tag="980" ind1=" " ind2=" ">
<subfield code="a">publication</subfield>
<subfield code="b">article</subfield>
</datafield>
<datafield tag="520" ind1=" " ind2=" ">
<subfield code="a"><p>Conference report&nbsp;Lire et commenter les P&egrave;res de l&rsquo;Eglise, de l&rsquo;Antiquit&eacute; tardive &agrave; la Renaissance&nbsp;(Universit&eacute; de Fribourg, 15&ndash;18 October 2025)&nbsp;</p></subfield>
</datafield>
<controlfield tag="005">20260225114751.0</controlfield>
<datafield tag="024" ind1=" " ind2=" ">
<subfield code="a">10.25592/uhhfdm.18377</subfield>
<subfield code="2">doi</subfield>
</datafield>
<datafield tag="909" ind1="C" ind2="4">
<subfield code="c">295-297</subfield>
<subfield code="v">11</subfield>
<subfield code="p">Comparative Oriental Manuscript Studies</subfield>
</datafield>
<datafield tag="260" ind1=" " ind2=" ">
<subfield code="c">2025-12-15</subfield>
</datafield>
<controlfield tag="001">18377</controlfield>
<datafield tag="650" ind1="1" ind2="7">
<subfield code="a">cc-by</subfield>
<subfield code="2">opendefinition.org</subfield>
</datafield>
<datafield tag="909" ind1="C" ind2="O">
<subfield code="o">oai:fdr.uni-hamburg.de:18377</subfield>
<subfield code="p">user-uhh</subfield>
</datafield>
<datafield tag="245" ind1=" " ind2=" ">
<subfield code="a">Conference report: Lire et commenter les Pères de l'Eglise, de l'Antiquité tardive à la Renaissance (Université de Fribourg, 15–18 October 2025)</subfield>
</datafield>
<datafield tag="773" ind1=" " ind2=" ">
<subfield code="a">10.25592/uhhfdm.18376</subfield>
<subfield code="i">isVersionOf</subfield>
<subfield code="n">doi</subfield>
</datafield>
<datafield tag="856" ind1="4" ind2=" ">
<subfield code="s">535693</subfield>
<subfield code="u">https://www.fdr.uni-hamburg.de/record/18377/files/comst-bulletin-11-2025-295-297.pdf</subfield>
<subfield code="z">md5:56d275654581c5e92e6f1d1c092f0e72</subfield>
</datafield>
<datafield tag="100" ind1=" " ind2=" ">
<subfield code="a">Red.</subfield>
</datafield>
<datafield tag="980" ind1=" " ind2=" ">
<subfield code="a">user-uhh</subfield>
</datafield>
</record>